000 00599nam a2200169 4500
008 260605b |||||||| |||| 00| 0 eng d
020 _a9781629582917
050 _aGN 296
_bU 54 2016
245 _aUnderstanding and Applying Medical Anthropology :
_bBiosocial and Cultural Approaches /
_cPeter J. Brown and Svea Closser.
250 _a3rd ed.
260 _aNew York :
_bRoutledge ,
_c2016.
300 _a460p. :
_bill. ;
_c24cm.
504 _aIncludes Bibliography references and index
650 _aPhilosophy.
650 _aMethodology.
942 _2lcc
_cBOOKS
_hGN 296 .U54 2016
999 _c32502
_d32502